000 00688nam a2200229Ia 4500
003 GCL
008 140319s9999 xx 000 0 ara d
040 _aGCL /
_cGCL
082 0 4 _aق
_b962.075
_bك م
100 1 _aكمال حسن على
245 1 0 _aمحاربون ومفاوضون /
_cكمال حسن على
260 _aالقاهرة :
_bمركز الاهرام للترجمة والنشر ،
_c1986
300 _a431 ص ؛
_c24 سم
490 _a
650 0 4 _aالعصر الحديث
650 0 4 _aمصر
650 0 4 _aتاريخ
650 0 4 _aاسرائيل
650 0 4 _aاتفاقيات كامب ديفيد
650 0 4 _aالدبلوماسية
942 _2ddc
_cBK
999 _c30369
_d30369